Public Mechanisms Block Grants, Competitive Versus Non-Competitive Research Funding

Guardado en:
Detalles Bibliográficos
Autor principal: Tisdell, Clem A.
Formato: Libro
Lenguaje:inglés
Publicado: Brisbane The University of Queensland 1996
Edición:1. ed.
Colección:Discussion Paper No. 209
Materias:
Etiquetas: Agregar Etiqueta
Sin Etiquetas, Sea el primero en etiquetar este registro!

MARC

LEADER 00000nam a2200000 4500
001 c019247
005 20221221083353.4
041 0 |a eng 
044 |a AU 
245 1 0 |a Public Mechanisms  |b Block Grants, Competitive Versus Non-Competitive Research Funding  |c Clem A. Tisdell 
250 |a 1. ed. 
264 1 |a Brisbane  |b The University of Queensland  |c 1996 
300 |a 15 s. 
490 1 |a Discussion Paper  |v No. 209 
830 0 |a Discussion Paper  |v No. 209 
610 2 0 |a dotácie 
610 2 0 |a výskum 
610 2 0 |a granty 
610 2 0 |a konkurzy 
610 2 0 |a poľnohospodárstvo 
610 2 0 |a Austrália 
100 1 |a Tisdell, Clem A.